000 00335pab a2200145 454500
008 180718b1984 xxu||||| |||| 00| 0 eng d
100 _aAhmed, S.A.
245 _aThe integrative function of mass media
260 _c1984
300 _a215-16
362 _aAug.
650 _aMass Media - India
773 _aVidura
909 _a13320
999 _c13320
_d13320